000
00224nam a22000857a 4500
008
161015b xxu||||| |||| 00| 0 eng d
100
_9
861
_a
Nayer.J.
245
_a
Mammals: At Your Finger Tips
260
_a
Newyork
_b
Mc.clanahan
_c
1993
999
_c
3514
_d
3514